[Event "32. Potsdamer Weihnachtsturnier"]
[Site "?"]
[Date "2007.12.27"]
[Round "2.30"]
[White "Binder, Thomas"]
[Black "Schulz, Alfred"]
[Result "1-0"]
[WhiteElo "1832"]
[BlackElo "1516"]
[PlyCount "27"]
[EventDate "2007.??.??"]

1. e4 c5 2. d4 cxd4 3. c3 dxc3 4. Nxc3 Nc6 5. Nf3 d6 6. Bc4 e6 7. O-O Nf6 8.
Qe2 a6 9. Rd1 Qc7 10. Bg5 Be7 11. Rac1 O-O 12. Bb3 b5 13. Nd5 Bb7 14. Nxc7 1-0

[Event "32. Potsdamer Weihnachtsturnier"]
[Site "?"]
[Date "2007.12.27"]
[Round "2.31"]
[White "Hadlich, Roland"]
[Black "Nekrassova, Ekatherina"]
[Result "1/2-1/2"]
[WhiteElo "1533"]
[BlackElo "1791"]
[PlyCount "58"]
[EventDate "2007.??.??"]

1. Nf3 d5 2. d4 Nf6 3. e3 e6 4. c4 c6 5. Nc3 Nbd7 6. Qc2 Bd6 7. c5 Bc7 8. b4 e5
9. dxe5 Nxe5 10. Nxe5 Bxe5 11. Bb2 O-O 12. h3 Re8 13. Be2 Qc7 14. O-O Bh2+ 15.
Kh1 Ne4 16. Nxe4 Rxe4 17. g3 Bxg3 18. fxg3 Qxg3 19. Rf3 Qh4 20. Rg1 Rg4 21. Qc1
Bd7 22. Rxg4 Bxg4 23. Qg1 Bxf3+ 24. Kh2 g6 25. Bxf3 Qxb4 26. Qc1 Re8 27. Bd4
Qa5 28. Qb2 Qc7+ 29. Kg2 f5 1/2-1/2

[Event "32. Potsdamer Weihnachtsturnier"]
[Site "?"]
[Date "2007.12.27"]
[Round "2.32"]
[White "Focke, Wolfgang"]
[Black "Schrodt, Horst"]
[Result "1/2-1/2"]
[WhiteElo "1422"]
[BlackElo "1670"]
[PlyCount "98"]
[EventDate "2007.??.??"]

1. e4 c6 2. d4 d5 3. e5 Bf5 4. Nf3 e6 5. Be2 c5 6. O-O Nc6 7. c3 cxd4 8. cxd4
a6 9. a3 Nge7 10. Nc3 Rc8 11. Be3 h6 12. Rc1 Bh7 13. b4 Nf5 14. Bd3 Be7 15. Ne2
Nxe3 16. fxe3 Bxd3 17. Qxd3 O-O 18. Ng3 Qd7 19. Qe2 Na7 20. Nd2 Rxc1 21. Rxc1
Rc8 22. Rf1 Nb5 23. Nh5 Nc7 24. Qg4 Ne8 25. Nb3 b6 26. Qf3 Bg5 27. e4 dxe4 28.
Qxe4 Rc3 29. Rf3 Rxf3 30. Qxf3 Qd8 31. Kf1 Qc8 32. Qd3 Nc7 33. Qc4 Qb7 34. Ng3
Nd5 35. Qe2 Ne3+ 36. Kg1 Qd5 37. Nc1 Qxd4 38. Qd3 Qb2 39. Nce2 Qxe5 40. Qxa6
Qa1+ 41. Kf2 Ng4+ 42. Kf3 Nxh2+ 43. Kf2 Ng4+ 44. Kf3 Ne5+ 45. Kf2 Ng6 46. Qc8+
Kh7 47. Qe8 Qxa3 48. Qxf7 Be3+ 49. Kf3 Ne5+ 1/2-1/2

[Event "32. Potsdamer Weihnachtsturnier"]
[Site "?"]
[Date "2007.12.27"]
[Round "2.33"]
[White "Kämmler, Florian"]
[Black "Steinkrauß, Thilo"]
[Result "1-0"]
[WhiteElo "1612"]
[BlackElo "1280"]
[PlyCount "83"]
[EventDate "2007.??.??"]

1. d4 d5 2. c4 dxc4 3. e4 e6 4. Bxc4 Nf6 5. e5 Nd5 6. Nc3 Bb4 7. Qd3 Nd7 8. a3
Bxc3+ 9. bxc3 N7b6 10. Bb3 c6 11. Nf3 h6 12. O-O Nd7 13. c4 Ne7 14. Re1 O-O 15.
Bc2 Ng6 16. h4 h5 17. Bg5 Qe8 18. Nd2 f6 19. exf6 gxf6 20. Bh6 f5 21. Bxf8 Qxf8
22. Qg3 Qf6 23. Nf3 Ndf8 24. Rad1 Bd7 25. Ng5 Rd8 26. Bb3 Kg7 27. c5 Bc8 28.
Nf3 Kh7 29. Qc7+ Kg8 30. g3 f4 31. Kg2 fxg3 32. fxg3 Nh8 33. Qe5 Qg6 34. Qg5
Qxg5 35. Nxg5 Re8 36. Rd3 Nf7 37. Nxf7 Kxf7 38. Bd1 Kg6 39. Re5 Kf6 40. Bxh5
Re7 41. Rf3+ Kg7 42. Rg5+ 1-0

[Event "32. Potsdamer Weihnachtsturnier"]
[Site "?"]
[Date "2007.12.27"]
[Round "2.34"]
[White "Hoffmann, Axel"]
[Black "Steppan, Siegfried"]
[Result "0-1"]
[WhiteElo "1379"]
[BlackElo "1583"]
[PlyCount "72"]
[EventDate "2007.??.??"]

1. e4 c6 2. Nc3 d5 3. Nf3 Bg4 4. h3 Bh5 5. exd5 cxd5 6. g4 Bg6 7. Bb5+ Nc6 8.
Ne5 Rc8 9. d4 e6 10. f4 Bb4 11. Qe2 Qh4+ 12. Kf1 Bxc3 13. bxc3 Be4 14. Rh2 Nge7
15. Ba3 O-O 16. Bxc6 Nxc6 17. Bxf8 Nxe5 18. dxe5 Rxc3 19. Bb4 Rf3+ 20. Kg1 Qg3+
21. Rg2 Qxh3 22. Rf1 Re3 23. Qd2 Bxg2 24. Qxe3 Qxe3+ 25. Kxg2 Qe4+ 26. Kg3 Qxb4
27. Rf3 Qc4 28. Rb3 b5 29. a4 Qxa4 30. Rc3 Qa6 31. Rc7 g6 32. Kh4 Qb6 33. Rd7
Qf2+ 34. Kg5 Kg7 35. Rxf7+ Kxf7 36. c4 bxc4 0-1

[Event "32. Potsdamer Weihnachtsturnier"]
[Site "?"]
[Date "2007.12.27"]
[Round "2.35"]
[White "Rolfes, Leon"]
[Black "Gädke, Peter"]
[Result "1/2-1/2"]
[WhiteElo "1016"]
[BlackElo "1971"]
[PlyCount "254"]
[EventDate "2007.??.??"]

1. d4 d5 2. c4 c6 3. Nc3 Nf6 4. Nf3 e6 5. Bg5 Nbd7 6. e3 h6 7. Bh4 Be7 8. Bd3
dxc4 9. Bxc4 b5 10. Bd3 Bb7 11. a3 a6 12. b4 O-O 13. O-O a5 14. Qb3 axb4 15.
axb4 Nb6 16. Ne5 Nbd5 17. Bxf6 gxf6 18. Nxd5 Qxd5 19. Qxd5 exd5 20. Nd7 Rfd8
21. Nc5 Bxc5 22. dxc5 Ra4 23. Rfb1 Rda8 24. Rxa4 Rxa4 25. Bc2 Ra2 26. Bb3 Ra3
27. Kf1 Bc8 28. Bd1 Bf5 29. Rc1 Bd3+ 30. Ke1 Ra2 31. Rc3 Bc4 32. Rc2 Ra1 33.
Rb2 Kg7 34. Kd2 Bf1 35. g3 Bc4 36. Bf3 Rf1 37. Kc3 Ra1 38. Kd4 Ra3 39. Be2 Bxe2
40. Rxe2 Rb3 41. Rc2 Rxb4+ 42. Kd3 Kg6 43. h3 Kf5 44. g4+ Kg5 45. f3 Kh4 46. e4
dxe4+ 47. fxe4 Kg5 48. Rf2 Rb3+ 49. Kd4 Rxh3 50. Rf5+ Kg6 51. e5 fxe5+ 52. Kxe5
Re3+ 53. Kd6 Re6+ 54. Kc7 b4 55. Rf4 b3 56. Rb4 Kg5 57. Rxb3 Kxg4 58. Rb1 h5
59. Rf1 h4 60. Rxf7 Rg6 61. Rf1 h3 62. Rg1+ Kh5 63. Rh1 Kh4 64. Kb7 Rh6 65. Kc7
Kg3 66. Kb7 h2 67. Rd1 Kg2 68. Rd2+ Kf3 69. Rxh2 Rxh2 70. Kxc6 Ke4 71. Kd6 Rd2+
72. Ke6 Rc2 73. Kd6 Rd2+ 74. Ke6 Rh2 75. c6 Rh6+ 76. Kd7 Kd5 77. c7 Rh7+ 78.
Kd8 Kd6 79. c8=N+ Ke6 80. Nb6 Rb7 81. Nc8 Rh7 82. Nb6 Kd6 83. Nc8+ Kc6 84. Ne7+
Kb7 85. Kd7 Rh1 86. Kd6 Rd1+ 87. Nd5 Kc8 88. Ke5 Kd7 89. Nf6+ Ke7 90. Nd5+ Kf7
91. Ne3 Ra1 92. Kd4 Ke6 93. Nc4 Rd1+ 94. Kc5 Rd5+ 95. Kb4 Rh5 96. Kc3 Kd5 97.
Ne3+ Ke4 98. Nc4 Rc5 99. Kb4 Kd4 100. Nd6 Rc6 101. Nb5+ Kd3 102. Na7 Rc1 103.
Kb5 Kd4 104. Kb6 Kd5 105. Kb7 Kd6 106. Nc8+ Kd7 107. Nb6+ Kd8 108. Nd5 Rc5 109.
Nb6 Rc7+ 110. Ka6 Rc6 111. Kb7 Rc5 112. Na4 Rc7+ 113. Ka6 Kd7 114. Kb6 Kd6 115.
Kb5 Rb7+ 116. Kc4 Rc7+ 117. Kb5 Kd5 118. Nb6+ Kd4 119. Na4 Rc1 120. Nb6 Rb1+
121. Kc6 Rb4 122. Kc7 Kc5 123. Nd7+ Kd5 124. Nb6+ Ke6 125. Kc6 Rb1 126. Kc5
Rc1+ 127. Nc4 Rc2 1/2-1/2